[Event "ONJK 2017 C"]
[Site "Borne, Netherlands"]
[Date "2017.08.08"]
[Round "3.7"]
[White "Klaren, Duncan"]
[Black "Albertus, Bram"]
[Result "0-1"]
[WhiteElo "1661"]
[BlackElo "1616"]
[PlyCount "46"]
[EventDate "2017.08.??"]

1. e4 c5 2. Nf3 d6 3. d4 cxd4 4. Nxd4 Nf6 5. Nc3 a6 6. h3 e6 7. g4 Be7 8. Bg2
Qc7 9. O-O Nc6 10. Nde2 b5 11. Ng3 Bb7 12. g5 Nd7 13. f4 O-O-O 14. Re1 Nb6 15.
a4 b4 16. Nce2 d5 17. exd5 Nxd5 18. Qd3 Qb6+ 19. Kh2 Nxf4 20. Be3 Nxd3 21. Bxb6
Nxe1 22. Bxd8 Nxg2 23. Bxe7 Nxe7 0-1

[Event "ONJK 2017 C"]
[Site "Borne, Netherlands"]
[Date "2017.08.08"]
[Round "3.8"]
[White "Rogge, Parcival"]
[Black "Kamp, Adrian"]
[Result "0-1"]
[WhiteElo "1508"]
[BlackElo "1773"]
[PlyCount "90"]
[EventDate "2017.08.??"]

1. e4 c5 2. Nf3 d6 3. c3 Nf6 4. Bd3 g6 5. h3 Bg7 6. Bc2 Nc6 7. O-O O-O 8. d3 b5
9. Bg5 Bb7 10. Qc1 b4 11. Nh2 bxc3 12. bxc3 Qa5 13. f4 Nd7 14. Bd1 c4 15. d4
Nxd4 16. Qb2 Nb5 17. Bf3 Qb6+ 18. Qf2 Qxf2+ 19. Rxf2 Nxc3 20. Nxc3 Bxc3 21. Rb1
Bc6 22. Rc2 Bd4+ 23. Kf1 Nb6 24. Ng4 f6 25. Bh6 Rfc8 26. Rd1 Ba4 27. Rcd2 Bxd1
28. Rxd1 c3 29. Rxd4 c2 30. f5 g5 31. Rd1 cxd1=Q+ 32. Bxd1 Rc1 33. Ke2 Rb1 34.
g3 a5 35. h4 gxh4 36. gxh4 a4 37. Be3 Nc4 38. Bd4 Ne5 39. Ne3 Kg7 40. Nd5 Kf7
41. Nb6 Rg8 42. Bxa4 Rg2+ 43. Bf2 Rb2+ 44. Ke3 Rgxf2 45. Bb3+ Kg7 0-1

[Event "ONJK 2017 C"]
[Site "Borne, Netherlands"]
[Date "2017.08.08"]
[Round "3.9"]
[White "Hoeneveld, Maarten"]
[Black "Skabs, Denis"]
[Result "1-0"]
[WhiteElo "1946"]
[BlackElo "1536"]
[PlyCount "53"]
[EventDate "2017.08.??"]

1. e4 e5 2. d4 exd4 3. c3 dxc3 4. Nxc3 Nc6 5. Nf3 d6 6. Bc4 Be6 7. Bxe6 fxe6 8.
Qb3 Qd7 9. Ng5 Nd8 10. O-O h6 11. Nh3 Ne7 12. f4 g6 13. Nb5 Ndc6 14. Be3 Bg7
15. f5 gxf5 16. exf5 Nxf5 17. Nf4 Ncd4 18. Nxd4 Bxd4 19. Bxd4 Nxd4 20. Qxb7 Qc8
21. Qe4 e5 22. Nd5 Rb8 23. Qg6+ Kd8 24. Qf6+ Kd7 25. Qf7+ Kc6 26. Ne7+ Kb7 27.
Nxc8 1-0

[Event "ONJK 2017 C"]
[Site "Borne, Netherlands"]
[Date "2017.08.08"]
[Round "3.10"]
[White "Toval, David"]
[Black "Terwee, Michiel"]
[Result "1-0"]
[WhiteElo "1742"]
[BlackElo "1626"]
[PlyCount "53"]
[EventDate "2017.08.??"]

1. e4 e5 2. Nf3 Nc6 3. Bb5 Bc5 4. O-O d6 5. c3 a6 6. Ba4 b5 7. Bb3 Bg4 8. d4
exd4 9. Bd5 Nge7 10. Bxf7+ Kf8 11. Bb3 dxc3 12. Nxc3 Ne5 13. Bg5 Nxf3+ 14. gxf3
Bh3 15. Nd5 Ke8 16. Nxe7 Qd7 17. Qd5 c6 18. Qf7+ Kd8 19. Nxc6+ Kc7 20. Qxd7+
Kxd7 21. Rfd1 Raf8 22. Ne5+ Kc7 23. Nf7 Rxf7 24. Bxf7 Rf8 25. Rac1 b4 26. Be7
Rxf7 27. Bxd6+ 1-0

[Event "ONJK 2017 C"]
[Site "Borne, Netherlands"]
[Date "2017.09.08"]
[Round "4"]
[White "Arnold, Kiri"]
[Black "Skabs, Denis"]
[Result "0-1"]
[WhiteElo "1354"]
[BlackElo "1536"]
[PlyCount "36"]
[EventDate "2017.08.??"]

1. e4 e5 2. Nf3 Nc6 3. Bb5 Nge7 4. c3 g6 5. O-O Bg7 6. d3 O-O 7. Bg5 h6 8. Be3
a6 9. Ba4 d6 10. h3 f5 11. exf5 Bxf5 12. Nh2 Be6 13. Bb3 d5 14. f4 Qd7 15. Rf3
Rad8 16. d4 exd4 17. cxd4 Nf5 18. Nc3 Nxe3 0-1

[Event "ONJK 2017 C"]
[Site "Borne, Netherlands"]
[Date "2017.09.08"]
[Round "4"]
[White "Bungarten, Jona"]
[Black "Rogge, Parcival"]
[Result "0-1"]
[WhiteElo "1640"]
[BlackElo "1508"]
[PlyCount "92"]
[EventDate "2017.08.??"]

1. e4 c5 2. d4 cxd4 3. c3 d3 4. Bxd3 d6 5. c4 Nf6 6. Nc3 e6 7. Nf3 Be7 8. O-O
Nbd7 9. Bf4 a5 10. Nb5 Nc5 11. Re1 O-O 12. Bc2 Ra6 13. Qd2 Qb6 14. Rad1 Rd8 15.
b3 Rd7 16. h3 Qd8 17. a3 Rc6 18. Nfd4 e5 19. Nxc6 bxc6 20. Nd4 exd4 21. Qxd4 d5
22. exd5 cxd5 23. b4 Ne6 24. Rxe6 fxe6 25. c5 axb4 26. axb4 Rb7 27. Rb1 Bd7 28.
Bd3 Qc8 29. Be3 Bb5 30. Bxb5 Rxb5 31. Rc1 Qc6 32. Ra1 Qb7 33. Qe5 Kf7 34. Bd2
Ne4 35. Be1 Bf6 36. Qf4 e5 37. Qg4 d4 38. c6 Qxc6 39. Ra7+ Rb7 40. b5 Qd5 41.
b6 Nc5 42. Qc8 Bd8 43. Ra8 Rxb6 44. Qf5+ Rf6 45. Ra7+ Be7 46. Qxh7 Qe4 0-1

[Event "ONJK 2017 C"]
[Site "Borne, Netherlands"]
[Date "2017.09.08"]
[Round "4"]
[White "De Putter, Nina"]
[Black "Klaren, Duncan"]
[Result "1-0"]
[WhiteElo "1469"]
[BlackElo "1661"]
[PlyCount "71"]
[EventDate "2017.08.??"]

1. e4 c5 2. Nc3 d6 3. f4 Nc6 4. Nf3 g6 5. Bc4 Bg7 6. O-O e6 7. d3 Nge7 8. Qe1
h6 9. h3 O-O 10. f5 d5 11. Bb3 exf5 12. exd5 Nd4 13. Nxd4 cxd4 14. Ne2 Nxd5 15.
Bxd5 Qxd5 16. Qh4 Kh7 17. Rf3 Qc5 18. g4 Qc6 19. Rf2 fxg4 20. hxg4 Qxc2 21.
Bxh6 Bxh6 22. g5 Rh8 23. Rh2 Kg8 24. gxh6 Qd2 25. h7+ Kg7 26. Qxd4+ f6 27. Nf4
Qa5 28. Nd5 Qd8 29. Re1 Qd6 30. Re7+ Kf8 31. Rg2 Bf5 32. Rxb7 Rd8 33. Qxf6+
Qxf6 34. Nxf6 Rxd3 35. Re2 Rd8 36. Ree7 1-0

[Event "ONJK 2017 C"]
[Site "Borne, Netherlands"]
[Date "2017.09.08"]
[Round "4"]
[White "De Zoeten, Cato"]
[Black "Achuthan, Dylan"]
[Result "1/2-1/2"]
[WhiteElo "1511"]
[BlackElo "1655"]
[PlyCount "197"]
[EventDate "2017.08.??"]

1. e4 c5 2. Nf3 Nc6 3. d4 cxd4 4. Nxd4 e5 5. Nb3 d6 6. Nc3 Be6 7. Be3 Nf6 8. f3
Be7 9. Qd2 h6 10. O-O-O a6 11. g4 b5 12. h4 Bc4 13. g5 Ng8 14. Nd5 Bxd5 15.
exd5 Nb8 16. Bd3 h5 17. Rdf1 Bf8 18. f4 Nd7 19. f5 f6 20. Rhg1 Ne7 21. Be4 a5
22. Qe2 a4 23. Nd2 b4 24. Bf3 Qa5 25. Bxh5+ Kd8 26. Nc4 Qa6 27. Nd2 Qa5 28.
gxf6 Nxf6 29. Bf3 a3 30. b3 Qc7 31. Qc4 Nxf5 32. Bf2 Qxc4 33. Nxc4 Ke8 34. Bg4
Nxg4 35. Rxg4 Nh6 36. Rg2 Rb8 37. Be1 Rg8 38. Na5 Rb5 39. Nc6 Rxd5 40. Nxb4 Rb5
41. c4 Rb7 42. Nc2 Be7 43. Bd2 Nf7 44. h5 Bf8 45. h6 Nd8 46. hxg7 Rbxg7 47.
Rxg7 Bxg7 48. Nxa3 Nb7 49. Rg1 Kf7 50. Nb5 e4 51. Re1 Re8 52. Bb4 Bf8 53. Kc2
Kg8 54. Nc3 e3 55. Nd5 Bg7 56. Rxe3 Rf8 57. a3 Rf2+ 58. Kd3 Nc5+ 59. Bxc5 dxc5
60. Re2 Rf3+ 61. Re3 Rf2 62. b4 cxb4 63. axb4 Bh6 64. Rg3+ Kf7 65. Ke4 Re2+ 66.
Ne3 Rb2 67. Rf3+ Ke6 68. Nd5 Re2+ 69. Kd4 Bg7+ 70. Kd3 Ra2 71. Re3+ Kd6 72. Ke4
Ra8 73. Rd3 Re8+ 74. Kf3 Kc6 75. Ra3 Rf8+ 76. Ke4 Re8+ 77. Kd3 Kb7 78. b5 Rh8
79. Kc2 Rh2+ 80. Kb3 Rh3+ 81. Ka4 Rh4 82. Kb3 Rh3+ 83. Ka2 Rh2+ 84. Kb1 Rh1+
85. Kc2 Rh2+ 86. Kd1 Rh1+ 87. Ke2 Rh2+ 88. Kf1 Rh1+ 89. Kg2 Rc1 90. Rg3 Bd4 91.
Rg4 Be5 92. Re4 Bh8 93. Re7+ Kb8 94. Re8+ Kb7 95. Rxh8 Rxc4 96. Rh7+ Kb8 97.
Rh5 Rc5 98. Nf4 Rxh5 99. Nxh5 1/2-1/2

[Event "ONJK 2017 C"]
[Site "Borne, Netherlands"]
[Date "2017.09.08"]
[Round "4"]
[White "Kaersenhout, Diego"]
[Black "Mainka, Irmin"]
[Result "0-1"]
[WhiteElo "1535"]
[BlackElo "1320"]
[PlyCount "84"]
[EventDate "2017.08.??"]

1. e4 e5 2. Bc4 Nc6 3. Nf3 Bc5 4. O-O Nf6 5. d3 d6 6. h3 Be6 7. Bb3 O-O 8. Re1
Re8 9. Bg5 h6 10. Bh4 Bxb3 11. axb3 Re6 12. Nc3 Bb4 13. Bxf6 Rxf6 14. d4 exd4
15. Nxd4 Bc5 16. Nce2 Rg6 17. c3 Ne5 18. Nf4 Rf6 19. Nd5 Rg6 20. f4 c6 21. fxe5
cxd5 22. exd5 Qg5 23. Re2 dxe5 24. b4 Bb6 25. c4 Bxd4+ 26. Kh1 b6 27. Qc2 Qe7
28. Qd2 Qd6 29. Ra2 Rf6 30. Qe1 Rc8 31. b3 Ra8 32. Ra6 Qc7 33. Rc2 Qb7 34. Rca2
b5 35. d6 bxc4 36. bxc4 Qd7 37. c5 Qb5 38. Qe4 Qf1+ 39. Kh2 Bg1+ 40. Kg3 Rg6+
41. Kh4 Qf6+ 42. Kh5 Qg5# 0-1

[Event "ONJK 2017 C"]
[Site "Borne, Netherlands"]
[Date "2017.09.08"]
[Round "4"]
[White "Paays, Dominggus"]
[Black "Maes, Djad"]
[Result "1/2-1/2"]
[WhiteElo "1624"]
[BlackElo "1258"]
[PlyCount "45"]
[EventDate "2017.08.??"]

1. b3 b6 2. Bb2 Bb7 3. Nf3 d5 4. d3 Nd7 5. Nbd2 Ngf6 6. g3 e6 7. Bg2 c5 8. O-O
Be7 9. Re1 O-O 10. e4 dxe4 11. dxe4 Qc7 12. Qe2 Rfd8 13. Rad1 Nf8 14. Ne5 Ng6
15. f4 Nd7 16. Ndf3 Bf6 17. Nd3 Bxb2 18. Nxb2 Nf6 19. Nd2 Re8 20. Nd3 Rad8 21.
h4 Ne7 22. Ne5 Nc6 23. Ndf3 1/2-1/2

[Event "ONJK 2017 C"]
[Site "Borne, Netherlands"]
[Date "2017.09.08"]
[Round "4"]
[White "Terwee, Michiel"]
[Black "Woest, Imre"]
[Result "1-0"]
[WhiteElo "1626"]
[BlackElo "1385"]
[PlyCount "57"]
[EventDate "2017.08.??"]

1. d4 d5 2. c4 e6 3. e3 Nf6 4. Nc3 Be7 5. Nf3 O-O 6. Bd3 dxc4 7. Bxc4 Nc6 8.
O-O b6 9. Qe2 Bb7 10. Ba6 Bxa6 11. Qxa6 Nb4 12. Qe2 c5 13. a3 Nbd5 14. Nxd5
Qxd5 15. dxc5 Qxc5 16. b4 Qh5 17. Bb2 Rfd8 18. Rac1 Nd5 19. Rc2 Rd7 20. Rfc1
Bd6 21. Rc8+ Rd8 22. Rxd8+ Rxd8 23. Qa6 Bc7 24. Qxa7 Qg4 25. h3 Qe4 26. Rxc7
Qb1+ 27. Kh2 Qxb2 28. Rxf7 Rf8 29. Ng5 1-0

[Event "ONJK 2017 C"]
[Site "Borne, Netherlands"]
[Date "2017.09.08"]
[Round "4"]
[White "Tiggelman, Laura"]
[Black "Bleeker, Kasper"]
[Result "0-1"]
[WhiteElo "1468"]
[BlackElo "1627"]
[PlyCount "72"]
[EventDate "2017.08.??"]

1. e4 e5 2. Nf3 Nc6 3. Bc4 Nf6 4. d4 exd4 5. e5 d5 6. Bb5 Ne4 7. Nxd4 Bd7 8.
Bxc6 bxc6 9. O-O Bc5 10. Nf3 O-O 11. Nbd2 f5 12. Nb3 Bb6 13. Qe2 f4 14. Bd2 Bg4
15. Rad1 Ng5 16. Bb4 Nxf3+ 17. gxf3 Bh3 18. Kh1 Bxf1 19. Qxf1 Rf5 20. Qh3 Qg5
21. Rg1 Qh5 22. Qg2 g6 23. e6 Qh4 24. Bc5 Re8 25. Bxb6 cxb6 26. Nd4 Rh5 27. b4
c5 28. bxc5 bxc5 29. Nb5 Rxe6 30. Nc7 Ree5 31. Rb1 Reg5 32. Rb8+ Kf7 33. Nxd5
Rxg2 34. Rb7+ Ke6 35. Nc7+ Ke5 36. Rb5 Qxh2# 0-1

[Event "ONJK 2017 C"]
[Site "Borne, Netherlands"]
[Date "2017.09.08"]
[Round "4"]
[White "Van Cleef, Matteo"]
[Black "Tjin a Lien, Jie-Ren"]
[Result "1/2-1/2"]
[WhiteElo "1449"]
[BlackElo "1620"]
[PlyCount "45"]
[EventDate "2017.08.??"]

1. e4 c5 2. Nf3 d6 3. d4 cxd4 4. Nxd4 Nf6 5. Nc3 e6 6. Be3 a6 7. f3 Nc6 8. Qd2
Be7 9. O-O-O Qc7 10. Nb3 b5 11. g4 Bb7 12. h4 Rc8 13. h5 Ne5 14. Be2 b4 15. Na4
Bxe4 16. Nd4 Bd5 17. b3 Nc6 18. Bxa6 Rb8 19. Rh3 Nxd4 20. Bxd4 e5 21. Be3 Bc6
22. g5 Nd5 23. g6 1/2-1/2

[Event "ONJK 2017 C"]
[Site "Borne, Netherlands"]
[Date "2017.09.08"]
[Round "4"]
[White "Wensing, Jonathan"]
[Black "Van Manen, Siebe"]
[Result "1-0"]
[WhiteElo "1667"]
[BlackElo "934"]
[PlyCount "39"]
[EventDate "2017.08.??"]

1. e4 c5 2. Nf3 d6 3. d4 cxd4 4. Nxd4 Nf6 5. Nc3 g6 6. Be3 Bg7 7. f3 a6 8. Qd2
O-O 9. g4 Nc6 10. O-O-O Nxd4 11. Bxd4 b5 12. h4 Re8 13. h5 e5 14. Be3 Be6 15.
hxg6 fxg6 16. Qxd6 Qa5 17. Bb6 Bf8 18. Bxa5 Bxd6 19. Rxd6 Rf8 20. Rxe6 1-0

[Event "ONJK 2017 C"]
[Site "Borne, Netherlands"]
[Date "2017.08.09"]
[Round "4.1"]
[White "Honkoop, Gilian"]
[Black "Roothaan, Elmar"]
[Result "1-0"]
[WhiteElo "1916"]
[BlackElo "1659"]
[PlyCount "45"]
[EventDate "2017.08.??"]

1. d4 d5 2. Bf4 c6 3. c3 Nf6 4. e3 g6 5. Nd2 Bg7 6. Be2 Nbd7 7. Ngf3 O-O 8. Ne5
Nxe5 9. Bxe5 Bf5 10. g4 Be4 11. f3 Nxg4 12. Bf4 Nxe3 13. Bxe3 Bf5 14. Nf1 e5
15. Ng3 Bh3 16. Qd2 Re8 17. dxe5 Bxe5 18. O-O-O Qc7 19. Rhg1 f5 20. Nh5 Kf7 21.
Nf4 Qa5 22. Kb1 Qa4 23. Nxh3 1-0

[Event "ONJK 2017 C"]
[Site "Borne, Netherlands"]
[Date "2017.08.09"]
[Round "4.2"]
[White "Albertus, Bram"]
[Black "Grutter, Tim"]
[Result "1/2-1/2"]
[WhiteElo "1616"]
[BlackElo "1891"]
[PlyCount "43"]
[EventDate "2017.08.??"]

1. e4 e5 2. Nf3 Nc6 3. d4 exd4 4. Nxd4 Nf6 5. Nxc6 bxc6 6. e5 Qe7 7. Qe2 Nd5 8.
h4 a5 9. Bg5 Qe6 10. a3 Ba6 11. c4 Nb6 12. Nd2 h6 13. Bf4 a4 14. Rc1 Bc5 15.
Be3 Bxe3 16. Qxe3 O-O 17. Bd3 Rfe8 18. f4 d6 19. Qe4 f5 20. Qxc6 Qg6 21. O-O
Rab8 22. Qf3 1/2-1/2

[Event "ONJK 2017 C"]
[Site "Borne, Netherlands"]
[Date "2017.08.09"]
[Round "4.3"]
[White "Maters, Arthur"]
[Black "Salomons, Quinten"]
[Result "1/2-1/2"]
[WhiteElo "1727"]
[BlackElo "1633"]
[PlyCount "47"]
[EventDate "2017.08.??"]

1. e4 e5 2. Nf3 Nf6 3. d4 d6 4. Nc3 Nbd7 5. Bc4 h6 6. a4 Be7 7. a5 c6 8. O-O
Qc7 9. Qe2 Nf8 10. b4 Bg4 11. dxe5 dxe5 12. b5 Ne6 13. b6 Qb8 14. Bxe6 Bxe6 15.
bxa7 Rxa7 16. Be3 Ra6 17. Rfb1 Bd6 18. Bb6 Nd7 19. Qe3 Nxb6 20. Rxb6 Rxb6 21.
Qxb6 Bc7 22. Qc5 Bd6 23. Qb6 Bc7 24. Qc5 1/2-1/2

[Event "ONJK 2017 C"]
[Site "Borne, Netherlands"]
[Date "2017.08.09"]
[Round "4.4"]
[White "Baselmans, Daan"]
[Black "Hoeneveld, Maarten"]
[Result "1/2-1/2"]
[WhiteElo "1659"]
[BlackElo "1946"]
[PlyCount "45"]
[EventDate "2017.08.??"]

1. e4 e5 2. Nf3 Nf6 3. Nxe5 d6 4. Nf3 Nxe4 5. Nc3 Nxc3 6. dxc3 Be7 7. Be3 Nc6
8. Qd2 Be6 9. Nd4 Nxd4 10. cxd4 O-O 11. O-O-O c6 12. Be2 a5 13. Kb1 b5 14. f4
b4 15. Bf3 d5 16. g4 f5 17. g5 Qc7 18. h4 a4 19. Rh2 b3 20. cxb3 axb3 21. a3
Rfb8 22. Qc1 Ra4 23. Rd3 1/2-1/2

[Event "ONJK 2017 C"]
[Site "Borne, Netherlands"]
[Date "2017.08.09"]
[Round "4.5"]
[White "Kamp, Adrian"]
[Black "Mainka, Alwin"]
[Result "1-0"]
[WhiteElo "1773"]
[BlackElo "1723"]
[PlyCount "55"]
[EventDate "2017.08.??"]

1. e4 e5 2. Nf3 d6 3. d4 exd4 4. Nxd4 Nf6 5. Nc3 Bd7 6. f3 Nc6 7. Be3 Be7 8.
Qd2 a6 9. O-O-O b5 10. g4 h6 11. h4 Rb8 12. Be2 b4 13. Nd5 Nxd5 14. exd5 Ne5
15. f4 Nxg4 16. Bxg4 Bxg4 17. Nc6 Qc8 18. Rde1 Kf8 19. Nxb8 Qxb8 20. Bd4 f6 21.
Qe3 Qd8 22. Qd3 Qc8 23. Qg6 Bf5 24. Qg3 Kf7 25. Rxe7+ Kf8 26. Ree1 Rg8 27. Qb3
Qb7 28. Qg3 1-0

[Event "ONJK 2017 C"]
[Site "Borne, Netherlands"]
[Date "2017.08.09"]
[Round "4.6"]
[White "Faybish, Benjamin"]
[Black "Toval, David"]
[Result "0-1"]
[WhiteElo "1628"]
[BlackElo "1742"]
[PlyCount "21"]
[EventDate "2017.08.??"]

1. b4 Nf6 2. Bb2 e6 3. a3 c5 4. bxc5 Bxc5 5. Nf3 Qb6 6. e3 Qxb2 7. Nc3 Qb6 8.
Rb1 Qd8 9. d4 Bxa3 10. e4 Qa5 11. Ng1 0-1

[Event "ONJK 2017 C"]
[Site "Borne, Netherlands"]
[Date "2017.08.09"]
[Round "4.7"]
[White "Elgersma, Onno"]
[Black "Warnaar, Alisha"]
[Result "1-0"]
[WhiteElo "2030"]
[BlackElo "1560"]
[PlyCount "67"]
[EventDate "2017.08.??"]

1. e4 c5 2. Nf3 d6 3. Bb5+ Bd7 4. Bxd7+ Qxd7 5. O-O Nc6 6. Re1 Nf6 7. b3 g6 8.
Bb2 Bg7 9. Nc3 O-O 10. Qe2 Ng4 11. h3 Nge5 12. Nxe5 Bxe5 13. Na4 Nd4 14. Bxd4
Bxd4 15. c3 Be5 16. Rad1 b5 17. Nb2 a6 18. d4 cxd4 19. cxd4 Bg7 20. e5 e6 21.
Nd3 Rac8 22. Kh1 Rc7 23. d5 exd5 24. Nb4 Re8 25. Nxd5 Rxe5 26. Qf3 Rxe1+ 27.
Rxe1 Rc8 28. Ne7+ Kf8 29. Nxc8 Qxc8 30. Qd5 Be5 31. Qe4 Qd8 32. f4 Bc3 33. Rd1
Bf6 34. Qc6 1-0

[Event "ONJK 2017 C"]
[Site "Borne, Netherlands"]
[Date "2017.08.09"]
[Round "4.8"]
[White "Roebers, Eline"]
[Black "Warnaar, Mark"]
[Result "1-0"]
[WhiteElo "1852"]
[BlackElo "1521"]
[PlyCount "45"]
[EventDate "2017.08.??"]

1. e4 c5 2. b4 cxb4 3. a3 bxa3 4. Bxa3 Nc6 5. d4 d6 6. c3 Nf6 7. Bd3 Bd7 8. Ne2
g6 9. h3 Bg7 10. O-O O-O 11. f4 d5 12. e5 Ne8 13. f5 gxf5 14. Nf4 Qb6 15. Kh1
Kh8 16. Qh5 Nxd4 17. cxd4 Qxd4 18. Bxe7 Qxa1 19. Bxf8 Bxf8 20. Qxf7 Bg7 21.
Qxd7 Bxe5 22. Qxf5 Nf6 23. Nxd5 1-0

[Event "ONJK 2017 C"]
[Site "Borne, Netherlands"]
[Date "2017.08.09"]
[Round "4.9"]
[White "Adema, Marrit"]
[Black "Gevorkjan, Lewon"]
[Result "1/2-1/2"]
[WhiteElo "1541"]
[BlackElo "1836"]
[PlyCount "103"]
[EventDate "2017.08.??"]

1. d4 Nf6 2. c4 e6 3. Nf3 Bb4+ 4. Nc3 b6 5. Bf4 Bb7 6. Qc2 h6 7. e3 O-O 8. Bd3
d6 9. O-O Nh5 10. Ne2 Nxf4 11. Nxf4 b5 12. cxb5 Ba5 13. a4 Qe7 14. Rab1 e5 15.
Be4 Bxe4 16. Qxe4 Nd7 17. Nd5 Qe6 18. b4 f5 19. Nf4 Qf7 20. Qd5 exf4 21. Qxf7+
Rxf7 22. bxa5 fxe3 23. fxe3 Re8 24. Rfe1 Nf6 25. Nd2 Nd5 26. Nc4 Rfe7 27. b6
axb6 28. axb6 cxb6 29. Nxd6 Rf8 30. Nc4 Ra8 31. Nxb6 Nxb6 32. Rxb6 Rxa4 33. Kf2
Kf7 34. Kf3 Rxd4 35. Re2 Rde4 36. Rb5 Kf6 37. Rb6+ Kg5 38. g3 R7e6 39. Rxe6
Rxe6 40. h4+ Kf6 41. Ra2 Rb6 42. Ra4 g6 43. Ra5 g5 44. hxg5+ hxg5 45. Ra4 Rb5
46. g4 Ke5 47. Ra8 fxg4+ 48. Kxg4 Ke4 49. Re8+ Re5 50. Rxe5+ Kxe5 51. e4 Kxe4
52. Kxg5 1/2-1/2

[Event "ONJK 2017 C"]
[Site "Borne, Netherlands"]
[Date "2017.08.09"]
[Round "4.10"]
[White "Muntean, Victor"]
[Black "Heskes, Johan"]
[Result "1/2-1/2"]
[WhiteElo "1784"]
[BlackElo "1600"]
[PlyCount "118"]
[EventDate "2017.08.??"]

1. e4 c5 2. c3 d6 3. d4 cxd4 4. cxd4 Nf6 5. Nc3 g6 6. g3 Bg7 7. Bg2 O-O 8. f4
e5 9. fxe5 dxe5 10. d5 b6 11. Nf3 Re8 12. Bg5 Ba6 13. Bf1 Qd7 14. Bxa6 Nxa6 15.
Bxf6 Bxf6 16. O-O Nc5 17. b4 Nb7 18. Qa4 Qxa4 19. Nxa4 Nd6 20. Nc3 Rac8 21.
Rac1 Rc7 22. h4 Rec8 23. Nd2 Bxh4 24. gxh4 Rxc3 25. Rxc3 Rxc3 26. Rf6 Rd3 27.
Rxd6 Rxd2 28. Rd8+ Kg7 29. Re8 Kf6 30. Rc8 Rxa2 31. h5 gxh5 32. Rc3 Re2 33.
Rc6+ Kg7 34. d6 Rxe4 35. d7 Rd4 36. Rc7 Kf6 37. Rxa7 Ke7 38. d8=Q+ Kxd8 39.
Rxf7 Rxb4 40. Rxh7 h4 41. Kf2 e4 42. Ke3 h3 43. Kf4 b5 44. Rxh3 e3+ 45. Kf3 Rb3
46. Rh7 b4 47. Rb7 Kc8 48. Re7 Rc3 49. Rxe3 Rxe3+ 50. Kxe3 Kb7 51. Kd4 Kb6 52.
Kc4 Ka5 53. Kb3 Kb5 54. Kb2 Ka4 55. Ka2 b3+ 56. Kb2 Kb4 57. Kb1 Ka3 58. Ka1 b2+
59. Kb1 Kb3 1/2-1/2

[Event "ONJK 2017 C"]
[Site "Borne, Netherlands"]
[Date "2017.08.09"]
[Round "5"]
[White "Achuthan, Dylan"]
[Black "Van Cleef, Matteo"]
[Result "1/2-1/2"]
[WhiteElo "1655"]
[BlackElo "1449"]
[PlyCount "46"]
[EventDate "2017.08.??"]

1. e4 c5 2. Nf3 Nc6 3. d4 cxd4 4. Nxd4 g6 5. Nc3 Bg7 6. Be3 Nf6 7. f3 O-O 8.
Qd2 d5 9. exd5 Nxd5 10. Nxc6 bxc6 11. Rd1 Bb7 12. Nxd5 Qxd5 13. Qxd5 cxd5 14.
c3 f5 15. Kf2 e5 16. g3 Rfd8 17. Be2 a5 18. Bb6 Rdb8 19. Bc7 Rc8 20. Bb6 Bc6
21. Be3 Rab8 22. Rb1 Rc7 23. Bc5 Rcb7 1/2-1/2

[Event "ONJK 2017 C"]
[Site "Borne, Netherlands"]
[Date "2017.08.09"]
[Round "5"]
[White "Klaren, Duncan"]
[Black "Van Lindt, Raffael"]
[Result "1-0"]
[WhiteElo "1661"]
[BlackElo "1307"]
[PlyCount "65"]
[EventDate "2017.08.??"]

1. e4 e5 2. Nf3 Nc6 3. d4 exd4 4. Bc4 Nf6 5. e5 Ne4 6. O-O d5 7. Bb5 Bd7 8.
Bxc6 Bxc6 9. Nxd4 Bd7 10. f3 Nc5 11. f4 f5 12. Nc3 Ne4 13. Re1 Bc5 14. Be3 Bxd4
15. Bxd4 Be6 16. Nxe4 dxe4 17. c3 Bc4 18. Qh5+ g6 19. Qh6 Qe7 20. Bf2 Bd3 21.
Bh4 Qc5+ 22. Kh1 Qf8 23. Qg5 Kd7 24. Rad1 Rd8 25. e6+ Kxe6 26. Qg3 Rd6 27. Rxd3
Rxd3 28. Qxd3 Qh6 29. Qc4+ Kd7 30. Rd1+ Kc8 31. Qd4 Qxh4 32. Qxh8+ Qd8 33.
Qxd8# 1-0

[Event "ONJK 2017 C"]
[Site "Borne, Netherlands"]
[Date "2017.08.09"]
[Round "5"]
[White "Maes, Djad"]
[Black "Tiggelman, Laura"]
[Result "0-1"]
[WhiteElo "1258"]
[BlackElo "1468"]
[PlyCount "54"]
[EventDate "2017.08.??"]

1. e4 c5 2. Nc3 d6 3. f4 Nf6 4. Nf3 g6 5. d4 cxd4 6. Nxd4 Bg7 7. Bb5+ Bd7 8.
Bxd7+ Qxd7 9. O-O O-O 10. Be3 Nc6 11. h3 e5 12. Ndb5 Rfd8 13. Nxd6 Qxd6 14.
Qxd6 Rxd6 15. Nb5 Rd7 16. fxe5 Nxe4 17. Rf4 Ng3 18. Re1 Bxe5 19. Rf3 a6 20. Na3
Nf5 21. Bf2 b5 22. c3 Rd2 23. g4 Ng7 24. c4 Bxb2 25. Nb1 Rd7 26. Rb3 Bd4 27.
Bxd4 Nxd4 0-1

[Event "ONJK 2017 C"]
[Site "Borne, Netherlands"]
[Date "2017.08.09"]
[Round "5"]
[White "Mainka, Irmin"]
[Black "Bungarten, Jona"]
[Result "1/2-1/2"]
[WhiteElo "1320"]
[BlackElo "1640"]
[PlyCount "66"]
[EventDate "2017.08.??"]

1. e4 e5 2. Nf3 Nc6 3. Bb5 Nge7 4. O-O g6 5. d3 Bg7 6. Nc3 O-O 7. Be3 d6 8. h3
a6 9. Ba4 b5 10. Bb3 Bb7 11. Nd5 Na5 12. Nxe7+ Qxe7 13. Qd2 Nxb3 14. axb3 f5
15. Bg5 Qf7 16. Rfe1 fxe4 17. dxe4 Rae8 18. Rad1 Qe6 19. Bh6 Bxh6 20. Qxh6 Qf6
21. Qg5 Qxg5 22. Nxg5 h6 23. Nf3 Rf4 24. Nd2 Ref8 25. f3 Kg7 26. c4 b4 27. Nf1
Ra8 28. Ne3 a5 29. Ra1 Bc6 30. Nd5 Bxd5 31. cxd5 Rff8 32. Rec1 Ra7 33. Rc4 Rfa8
1/2-1/2

[Event "ONJK 2017 C"]
[Site "Borne, Netherlands"]
[Date "2017.08.09"]
[Round "5"]
[White "Martinez, Sara"]
[Black "Terwee, Michiel"]
[Result "0-1"]
[WhiteElo "1469"]
[BlackElo "1626"]
[PlyCount "90"]
[EventDate "2017.08.??"]

1. e4 e5 2. Nf3 Nc6 3. d4 exd4 4. Nxd4 Bc5 5. Be3 Qf6 6. c3 Nge7 7. Be2 O-O 8.
O-O d5 9. Bf3 dxe4 10. Bxe4 Rd8 11. Qh5 Bxd4 12. Qxh7+ Kf8 13. cxd4 Nxd4 14.
Nc3 Bf5 15. Bxf5 Qxf5 16. Qxf5 Ndxf5 17. Bc5 b6 18. Bxe7+ Nxe7 19. Rfe1 Rd2 20.
b3 Rad8 21. Rad1 Rxd1 22. Rxd1 Rxd1+ 23. Nxd1 Nd5 24. g3 Nb4 25. Nc3 a6 26. a3
Nc2 27. a4 Ke7 28. Kf1 a5 29. Na2 Kd6 30. h4 Kc5 31. g4 Nd4 32. g5 Nf3 33. h5
Nxg5 34. f4 Ne6 35. f5 Nf4 36. f6 Nxh5 37. fxg7 Nxg7 38. Ke2 Nf5 39. Kd3 Nd4
40. Kc3 f5 41. Nc1 Nc6 42. Nd3+ Kd5 43. Nf4+ Ke4 44. Ne6 f4 45. Kd2 Nd4 0-1

[Event "ONJK 2017 C"]
[Site "Borne, Netherlands"]
[Date "2017.08.09"]
[Round "5"]
[White "Sannen, Stijn"]
[Black "Paays, Dominggus"]
[Result "0-1"]
[WhiteElo "1188"]
[BlackElo "1624"]
[PlyCount "56"]
[EventDate "2017.08.??"]

1. d4 Nf6 2. c4 g6 3. Nc3 Bg7 4. Nf3 O-O 5. e4 d6 6. Be2 e5 7. O-O Nc6 8. d5
Ne7 9. Be3 Ng4 10. Bd2 f5 11. h3 Nf6 12. exf5 gxf5 13. Bg5 Ng6 14. Nh4 Nxh4 15.
Bxh4 a6 16. Bd3 Qe8 17. Qc2 Qh5 18. Bg3 Kh8 19. Kh1 Rg8 20. Rg1 Bh6 21. Be2 Qg6
22. Bh4 Bg5 23. Bxg5 Qxg5 24. Bd3 f4 25. Ne4 Nxe4 26. Bxe4 Qh4 27. c5 Bxh3 28.
c6 Bxg2# 0-1

[Event "ONJK 2017 C"]
[Site "Borne, Netherlands"]
[Date "2017.08.09"]
[Round "5"]
[White "Tjin a Lien, Jie-Ren"]
[Black "De Zoeten, Cato"]
[Result "1/2-1/2"]
[WhiteElo "1620"]
[BlackElo "1511"]
[PlyCount "54"]
[EventDate "2017.08.??"]

1. e4 c5 2. Nf3 d6 3. Nc3 Nc6 4. d4 cxd4 5. Nxd4 Nf6 6. Be3 g6 7. Be2 Bg7 8. f3
O-O 9. Qd2 Nxd4 10. Bxd4 Be6 11. O-O Rc8 12. Rad1 a6 13. Kh1 Qc7 14. g4 Bc4 15.
h4 Bxe2 16. Qxe2 b5 17. Rf2 Qc4 18. Qxc4 Rxc4 19. Rfd2 Rfc8 20. Bxf6 Bxf6 21.
Nd5 Rxc2 22. Nxf6+ exf6 23. Rxc2 Rxc2 24. Rxd6 Rxb2 25. Rxa6 Kg7 26. a4 b4 27.
Rb6 b3 1/2-1/2